[Event "1. Bundesliga 2019/2020"]
[Site "Blumenhalle, St. Veit/Glan"]
[Date "2020.01.09"]
[Round "5"]
[Board "4"]
[White "Knoll, Hermann"]
[Black "Juhasz, Armin"]
[Result "1/2-1/2"]
[WhiteElo "2323"]
[BlackElo "2373"]
[PlyCount "90"]
[EventDate "2019.10.10"]
[EventType "team"]
[EventRounds "11"]
[EventCountry "AUT"]
[WhiteTeam "Union Ansfelden"]
[BlackTeam "SK Sparkasse Bad Voeslau"]

1.d4 Nf6 2.Nf3 d5 3.c4 e6 4.Nc3 dxc4 5.e3 a6 6.Bxc4 b5 7.Be2 Bb7 8.O-O c5 9.b3 Nc6
10.dxc5 Bxc5 11.Qxd8+ Rxd8 12.Bb2 Ke7 13.Rfd1 Rxd1+ 14.Rxd1 Rd8 15.Rxd8 Nxd8 16.Ne5
Bd6 17.Nd3 g6 18.f4 h5 19.h3 Ne4 20.Bf3 Nxc3 21.Bxc3 Bxf3 22.gxf3 Nc6 23.b4 Bc7 24.Kf2
Bb6 25.Ke2 Kd6 26.Ne5 Nxe5 27.Bxe5+ Kd5 28.Kd3 Bd8 29.Bc3 Bh4 30.e4+ Kc6 31.Ke3 Be7
32.Be1 Bd6 33.Bc3 Bf8 34.Kd3 Bh6 35.Ke3 Bf8 36.Kd3 Bd6 37.Ke3 Kb6 38.Bd4+ Kb7 39.Bc3
Kc6 40.Be1 Bc7 41.Bc3 Bb6+ 42.Bd4 Bc7 43.Bc3 Bb6+ 44.Bd4 Bc7 45.Bc3 Bb6+  1/2-1/2

[Event "1. Bundesliga 2019/2020"]
[Site "Blumenhalle, St. Veit/Glan"]
[Date "2020.01.09"]
[Round "5"]
[Board "5"]
[White "Plachetka, Jan"]
[Black "Moser, Guenter"]
[Result "1-0"]
[WhiteElo "2313"]
[BlackElo "2267"]
[PlyCount "88"]
[EventDate "2019.10.10"]
[EventType "team"]
[EventRounds "11"]
[EventCountry "AUT"]
[WhiteTeam "SK Sparkasse Bad Voeslau"]
[BlackTeam "Union Ansfelden"]

1.d4 f5 2.g3 g6 3.h4 Bg7 4.h5 c5 5.c3 cxd4 6.cxd4 Qb6 7.Nf3 Nc6 8.e3 Nh6 9.Nc3 Ng4
10.Bd2 a6 11.Nd5 Qd8 12.hxg6 h6 13.Qb3 e6 14.Nb6 Rb8 15.d5 Nce5 16.Nxe5 Nxe5 17.Be2
O-O 18.Rc1 Nxg6 19.dxe6 dxe6 20.Nxc8 Rxc8 21.Qxe6+ Kh7 22.Rxc8 Qxc8 23.Qxc8 Rxc8 24.Bd3
Bxb2 25.Ke2 b5 26.Bxf5 Rc6 27.e4 Bg7 28.Rc1 Rxc1 29.Bxc1 Bf6 30.Bd2 Bd8 31.Bc3 a5
32.Bd4 h5 33.f4 Kh6 34.Ke3 b4 35.Bd7 Nf8 36.Be8 Ne6 37.Ba7 Bc7 38.e5 Ng7 39.Bd7 Kg6
40.Ke4 Kf7 41.f5 Ne8 42.e6+ Ke7 43.Bxe8 Kxe8 44.f6 Bd6  1-0

[Event "1. Bundesliga 2019/2020"]
[Site "Blumenhalle, St. Veit/Glan"]
[Date "2020.01.09"]
[Round "5"]
[Board "6"]
[White "Mostbauer, Florian"]
[Black "Grimm, Daniel"]
[Result "1/2-1/2"]
[WhiteElo "2302"]
[BlackElo "2284"]
[PlyCount "130"]
[EventDate "2019.10.10"]
[EventType "team"]
[EventRounds "11"]
[EventCountry "AUT"]
[WhiteTeam "Union Ansfelden"]
[BlackTeam "SK Sparkasse Bad Voeslau"]

1.Nf3 d5 2.e3 Nf6 3.c4 c6 4.Nc3 Bg4 5.Qb3 Qb6 6.Ne5 Be6 7.d4 dxc4 8.Bxc4 Bxc4 9.Qxc4
e6 10.O-O Be7 11.Rb1 Qa6 12.b4 Qxc4 13.Nxc4 Nd5 14.Bd2 b5 15.Ne5 f6 16.Nd3 Nd7 17.Nxd5
exd5 18.a4 bxa4 19.Rfc1 Rc8 20.Ra1 Nb6 21.Nb2 O-O 22.Nxa4 Nc4 23.Bc3 Rb8 24.Nb2 Nxb2
25.Bxb2 Bxb4 26.Rxa7 Rfc8 27.g3 Rb5 28.Bc3 Bxc3 29.Rxc3 c5 30.dxc5 Rbxc5 31.Rd3 Rd8
32.Rb3 Kh8 33.Rd7 Rcc8 34.Rbb7 Rxd7 35.Rxd7 Kg8 36.Rxd5 Kf7 37.h4 Rc7 38.Kg2 Ke6 39.Ra5
Rb7 40.g4 Rc7 41.Kg3 g6 42.g5 fxg5 43.hxg5 Rb7 44.f4 Kf7 45.Kf3 Kg7 46.Ra6 Re7 47.e4
Rb7 48.f5 gxf5 49.exf5 Rb1 50.Ra7+ Kg8 51.Rd7 Re1 52.Kf4 Re2 53.Rc7 Re1 54.f6 Rh1
55.Kf5 Kf8 56.Rc8+ Kf7 57.Rc7+ Kf8 58.Ke6 Re1+ 59.Kd6 Rd1+ 60.Ke6 Re1+ 61.Kd7 Rd1+
62.Kc8 Rg1 63.Rg7 Rc1+ 64.Kd8 Rd1+ 65.Kc7 Rc1+  1/2-1/2

[Event "1. Bundesliga 2019/2020"]
[Site "Blumenhalle, St. Veit/Glan"]
[Date "2020.01.10"]
[Round "6"]
[Board "1"]
[White "Georgiadis, Nico"]
[Black "Menezes, Christoph"]
[Result "1/2-1/2"]
[WhiteElo "2551"]
[BlackElo "2398"]
[PlyCount "61"]
[EventDate "2019.10.10"]
[EventType "team"]
[EventRounds "11"]
[EventCountry "AUT"]
[WhiteTeam "SK Sparkasse Goetzis"]
[BlackTeam "Union Ansfelden"]

1.e4 e5 2.Nf3 Nc6 3.Bb5 Nf6 4.d3 Bc5 5.Nbd2 O-O 6.Bxc6 bxc6 7.O-O d5 8.exd5 Qxd5 9.Qe2
Re8 10.Ne4 Nxe4 11.dxe4 Qe6 12.Be3 Bb6 13.Rfd1 Qg6 14.Bxb6 axb6 15.Nxe5 Qe6 16.Nf3
Ba6 17.Qe3 Qxe4 18.Qxe4 Rxe4 19.Rd7 Rc8 20.Rxf7 Re2 21.Rd7 Rxc2 22.Re1 Rxb2 23.h4
Re2 24.Rxe2 Bxe2 25.Nd4 Bc4 26.Nf5 Be6 27.Rxg7+ Kf8 28.Rg4 Bxf5 29.Rf4 Ra8 30.Rxf5+
Kg7 31.Re5 1/2-1/2

[Event "1. Bundesliga 2019/2020"]
[Site "Blumenhalle, St. Veit/Glan"]
[Date "2020.01.10"]
[Round "6"]
[Board "2"]
[White "Felsberger, Alfred"]
[Black "Krassowizkij, Jaroslaw"]
[Result "1/2-1/2"]
[WhiteElo "2339"]
[BlackElo "2448"]
[PlyCount "62"]
[EventDate "2019.10.10"]
[EventType "team"]
[EventRounds "11"]
[EventCountry "AUT"]
[WhiteTeam "Union Ansfelden"]
[BlackTeam "SK Sparkasse Goetzis"]

1.e4 c5 2.Nf3 d6 3.d4 cxd4 4.Nxd4 Nf6 5.Nc3 a6 6.Be2 e5 7.Nb3 Be7 8.O-O O-O 9.Be3
Be6 10.Qd3 Nc6 11.a3 Rc8 12.Nd5 Bxd5 13.exd5 e4 14.Qd2 Ne5 15.Rfc1 b5 16.Na5 Nfg4
17.Nc6 Qd7 18.Bxg4 Nxg4 19.a4 Bf6 20.Bd4 Rfe8 21.axb5 axb5 22.Ra7 Qf5 23.Bxf6 Qxf6
24.c4 bxc4 25.Rxc4 Kf8 26.Rc3 Qf5 27.h3 e3 28.fxe3 Nf6 29.Rb3 Qxd5 30.Qxd5 Nxd5 31.Rbb7
Rxc6 1/2-1/2

[Event "1. Bundesliga 2019/2020"]
[Site "Blumenhalle, St. Veit/Glan"]
[Date "2020.01.10"]
[Round "6"]
[Board "3"]
[White "Walter, Stefan"]
[Black "Weiss, Christian"]
[Result "1-0"]
[WhiteElo "2390"]
[BlackElo "2369"]
[PlyCount "81"]
[EventDate "2019.10.10"]
[EventType "team"]
[EventRounds "11"]
[EventCountry "AUT"]
[WhiteTeam "SK Sparkasse Goetzis"]
[BlackTeam "Union Ansfelden"]

1.Nf3 c5 2.b3 Nf6 3.c4 g6 4.Bb2 Bg7 5.g3 O-O 6.Bg2 Nc6 7.O-O d6 8.d3 Bg4 9.h3 Bd7
10.Nbd2 a6 11.e3 b5 12.Qe2 Rb8 13.Rfc1 e5 14.d4 exd4 15.exd4 Re8 16.Qf1 Nh5 17.cxb5
axb5 18.a3 c4 19.Re1 d5 20.Rxe8+ Bxe8 21.Qd1 Qb6 22.Nf1 Na5 23.b4 Nb3 24.Ra2 f5 25.Ne3
Nf6 26.Ne5 Rd8 27.Nd3 Qc7 28.Nc5 Nxc5 29.dxc5 d4 30.Bxd4 f4 31.gxf4 Qxf4 32.Rd2 Ne4
33.Bxe4 Qxe4 34.Bxg7 Rxd2 35.Qxd2 Kxg7 36.Qc3+ Kg8 37.Ng4 Qb1+ 38.Kh2 h5 39.Nf6+ Kf7
40.Nxe8 Kxe8 41.Qe5+ 1-0

[Event "1. Bundesliga 2019/2020"]
[Site "Blumenhalle, St. Veit/Glan"]
[Date "2020.01.10"]
[Round "6"]
[Board "4"]
[White "Knoll, Hermann"]
[Black "Anistratov, Dmitrij"]
[Result "1-0"]
[WhiteElo "2323"]
[BlackElo "2237"]
[PlyCount "81"]
[EventDate "2019.10.10"]
[EventType "team"]
[EventRounds "11"]
[EventCountry "AUT"]
[WhiteTeam "Union Ansfelden"]
[BlackTeam "SK Sparkasse Goetzis"]

1.c4 Nf6 2.Nc3 c6 3.e4 d6 4.d4 Nbd7 5.Nf3 e5 6.Be2 Be7 7.O-O a6 8.Re1 O-O 9.Bf1 Re8
10.Rb1 Qc7 11.b4 b5 12.Qb3 exd4 13.Nxd4 Ne5 14.cxb5 cxb5 15.Bg5 Qa7 16.Rbd1 Bg4 17.Rd2
Rac8 18.Kh1 Nc4 19.Bxc4 bxc4 20.Qc2 h6 21.Be3 Qb7 22.f3 Bd7 23.a3 Bf8 24.Nde2 a5 25.bxa5
d5 26.Rb1 Qa8 27.Bd4 dxe4 28.Bxf6 exf3 29.Rxd7 fxg2+ 30.Kg1 Qc6 31.Rd5 Qxf6 32.Kxg2
Re3 33.Rf1 Qe6 34.Rdf5 Qc6+ 35.R5f3 Rce8 36.Nd4 Qa8 37.Nd1 Rxa3 38.Qxc4 Rxa5 39.Qxf7+
Kh8 40.Qxe8 Ra2+ 41.Kg1 1-0

[Event "1. Bundesliga 2019/2020"]
[Site "Blumenhalle, St. Veit/Glan"]
[Date "2020.01.10"]
[Round "6"]
[Board "5"]
[White "Neyman, Igor"]
[Black "Mostbauer, Florian"]
[Result "1/2-1/2"]
[WhiteElo "2345"]
[BlackElo "2302"]
[PlyCount "74"]
[EventDate "2019.10.10"]
[EventType "team"]
[EventRounds "11"]
[EventCountry "AUT"]
[WhiteTeam "SK Sparkasse Goetzis"]
[BlackTeam "Union Ansfelden"]

1.d4 d5 2.c4 c6 3.Nc3 Nf6 4.Nf3 dxc4 5.e3 b5 6.a4 b4 7.Na2 e6 8.Bxc4 Be7 9.O-O O-O
10.Bd2 a5 11.Nc1 Nbd7 12.Nb3 Qb6 13.Qe2 Bb7 14.e4 c5 15.e5 Nd5 16.Bb5 Ba6 17.Bxa6
Rxa6 18.Rfc1 Ra7 19.Rc2 Rc7 20.Rac1 Rfc8 21.dxc5 Bxc5 22.Kf1 Nf8 23.g3 h6 24.Ne1 Bd4
25.Rxc7 Rxc7 26.Rxc7 Nxc7 27.Bc1 Nd7 28.Nf3 Bc5 29.Bd2 Nd5 30.Be1 Be7 31.Qc4 Bd8 32.Qc8
Qc7 33.Qxc7 Bxc7 34.Ke2 Nxe5 35.Nxe5 Bxe5 36.Nxa5 Bxb2 37.Nb3 Kf8 1/2-1/2

[Event "1. Bundesliga 2019/2020"]
[Site "Blumenhalle, St. Veit/Glan"]
[Date "2020.01.10"]
[Round "6"]
[Board "6"]
[White "Ennsberger, Ulrich"]
[Black "Ferk, Martin"]
[Result "1-0"]
[WhiteElo "2251"]
[BlackElo "1888"]
[PlyCount "91"]
[EventDate "2019.10.10"]
[EventType "team"]
[EventRounds "11"]
[EventCountry "AUT"]
[WhiteTeam "Union Ansfelden"]
[BlackTeam "SK Sparkasse Goetzis"]

1.Nf3 Nf6 2.c4 e6 3.g3 b6 4.Bg2 Bb7 5.O-O Be7 6.d4 O-O 7.Nc3 d5 8.Ne5 Nbd7 9.Qa4 Nb8
10.Rd1 Qc8 11.cxd5 exd5 12.Bg5 c6 13.Rac1 Qe6 14.b4 Rd8 15.Qb3 Nbd7 16.Nd3 h6 17.Bf4
Nf8 18.Ne5 N6d7 19.b5 Nxe5 20.dxe5 g5 21.bxc6 Bxc6 22.Nxd5 Bxd5 23.Bxd5 Rxd5 24.Qxd5
Qxd5 25.Rxd5 gxf4 26.gxf4 Ne6 27.Rc4 Bc5 28.f5 Nf8 29.Kg2 Re8 30.e4 Rc8 31.f4 Rc7
32.Kf3 Rd7 33.Rxd7 Nxd7 34.e6 fxe6 35.fxe6 Nf6 36.e5 Nd5 37.f5 Kf8 38.Rh4 Ne7 39.Ke4
Ng8 40.f6 a5 41.a4 Bf2 42.Rg4 Bc5 43.Kd5 Bb4 44.Kc6 Bc5 45.Rxg8+ Kxg8 46.e7 1-0

[Event "1. Bundesliga 2019/2020"]
[Site "Blumenhalle, St. Veit/Glan"]
[Date "2020.01.10"]
[Round "6"]
[Board "1"]
[White "Repka, Christopher"]
[Black "Movsesian, Sergei"]
[Result "1/2-1/2"]
[WhiteElo "2488"]
[BlackElo "2649"]
[PlyCount "79"]
[EventDate "2019.10.10"]
[EventType "team"]
[EventRounds "11"]
[EventCountry "AUT"]
[WhiteTeam "SK Bregenz 1920"]
[BlackTeam "SK Sparkasse Bad Voeslau"]

1.Nf3 Nf6 2.g3 d5 3.Bg2 c6 4.O-O Bg4 5.h3 Bh5 6.d4 Nbd7 7.c4 e6 8.Nc3 Be7 9.cxd5 cxd5
10.Qb3 Qb6 11.Qxb6 Nxb6 12.g4 Bg6 13.Ne5 Nfd7 14.Nxg6 hxg6 15.Bf4 f5 16.Nb5 Kf7 17.b3
a6 18.Nd6+ Bxd6 19.Bxd6 Nc8 20.Bf4 Na7 21.Bd2 Rac8 22.Rfc1 Rc6 23.e3 Rhc8 24.Rxc6
Rxc6 25.Rc1 Rxc1+ 26.Bxc1 Nf6 27.f3 Nc6 28.Bf1 Nb4 29.Bd2 Nc6 30.Kf2 Ne8 31.Bd3 Nd6
32.Bc3 Nb5 33.Bb2 Nb4 34.Bb1 a5 35.Ke2 Kf6 36.h4 Nd6 37.a4 g5 38.hxg5+ Kxg5 39.gxf5
exf5 40.Bc3 1/2-1/2

[Event "1. Bundesliga 2019/2020"]
[Site "Blumenhalle, St. Veit/Glan"]
[Date "2020.01.10"]
[Round "6"]
[Board "2"]
[White "Jovanovic, Dusan"]
[Black "Kunin, Vitaly"]
[Result "1/2-1/2"]
[WhiteElo "2412"]
[BlackElo "2560"]
[PlyCount "106"]
[EventDate "2019.10.10"]
[EventType "team"]
[EventRounds "11"]
[EventCountry "AUT"]
[WhiteTeam "SK Sparkasse Bad Voeslau"]
[BlackTeam "SK Bregenz 1920"]

1.Nf3 d5 2.b3 Bg4 3.Bb2 Bxf3 4.exf3 e6 5.f4 Nd7 6.g3 Ngf6 7.Bg2 c6 8.O-O Bd6 9.d3
Qe7 10.Nd2 h6 11.Nf3 Ba3 12.Qc1 Bxb2 13.Qxb2 O-O 14.c4 a5 15.Rfe1 Qb4 16.a3 Qb6 17.Rab1
Rfd8 18.Qe2 Nc5 19.b4 axb4 20.axb4 Na4 21.Qc2 Ra7 22.Ne5 d4 23.b5 c5 24.Ra1 Nc3 25.Rxa7
Qxa7 26.g4 Nd7 27.Nxd7 Rxd7 28.f5 exf5 29.gxf5 Qb6 30.Qd2 Qf6 31.Qf4 Re7 32.Qb8+ Kh7
33.Rxe7 Qxe7 34.Qxb7 Qe1+ 35.Bf1 Ne2+ 36.Kg2 Nf4+ 37.Kg3 Nh5+ 38.Kg2 Nf4+ 39.Kg3 Qxf1
40.Kxf4 Qxf2+ 41.Qf3 Qxh2+ 42.Ke4 Qb8 43.Qh5 Qb7+ 44.Ke5 Qd7 45.Qg4 f6+ 46.Kf4 Qe7
47.Qf3 Qc7+ 48.Kg4 Qh2 49.Qg3 Qe2+ 50.Kh4 Qe7 51.b6 Qd7 52.Qg6+ Kg8 53.b7 Qxb7 1/2-1/2

[Event "1. Bundesliga 2019/2020"]
[Site "Blumenhalle, St. Veit/Glan"]
[Date "2020.01.10"]
[Round "6"]
[Board "3"]
[White "Nayhebaver, Martin"]
[Black "Juhasz, Kristof"]
[Result "0-1"]
[WhiteElo "2475"]
[BlackElo "2472"]
[PlyCount "82"]
[EventDate "2019.10.10"]
[EventType "team"]
[EventRounds "11"]
[EventCountry "AUT"]
[WhiteTeam "SK Bregenz 1920"]
[BlackTeam "SK Sparkasse Bad Voeslau"]

1.e4 c6 2.d4 d5 3.e5 Bf5 4.Nf3 e6 5.Be2 c5 6.O-O Nc6 7.c3 cxd4 8.Nxd4 Nxd4 9.cxd4
Ne7 10.a3 Nc6 11.b4 Be7 12.Be3 O-O 13.Nd2 Qb6 14.Kh1 h6 15.f4 Rac8 16.g4 Bh7 17.Nf3
a5 18.b5 Na7 19.a4 Bc2 20.Qe1 Be4 21.Ra2 Bb4 22.Qf2 Rc3 23.Kg1 Nc8 24.Nd2 Ne7 25.Nxe4
dxe4 26.Bd2 Rb3 27.Bd1 Rd3 28.Bxb4 axb4 29.a5 Qxd4 30.Qxd4 Rxd4 31.Bb3 Nd5 32.Bxd5
exd5 33.a6 bxa6 34.bxa6 Ra8 35.Ra4 e3 36.Kg2 e2 37.Re1 Rxf4 38.h3 Re4 39.Kf3 b3 40.Rxe4
dxe4+ 41.Kxe4 b2 0-1

[Event "1. Bundesliga 2019/2020"]
[Site "Blumenhalle, St. Veit/Glan"]
[Date "2020.01.10"]
[Round "6"]
[Board "4"]
[White "Juhasz, Armin"]
[Black "Sergeev, Vladimir"]
[Result "0-1"]
[WhiteElo "2373"]
[BlackElo "2419"]
[PlyCount "116"]
[EventDate "2019.10.10"]
[EventType "team"]
[EventRounds "11"]
[EventCountry "AUT"]
[WhiteTeam "SK Sparkasse Bad Voeslau"]
[BlackTeam "SK Bregenz 1920"]

1.d4 Nf6 2.c4 e6 3.Nf3 b6 4.g3 Bb4+ 5.Bd2 Be7 6.Nc3 Bb7 7.Bg2 O-O 8.O-O c6 9.e4 d5
10.exd5 cxd5 11.Ne5 Ne4 12.Nxe4 dxe4 13.Bc3 f6 14.Ng4 f5 15.Ne5 Nd7 16.Nxd7 Qxd7 17.f3
exf3 18.Bxf3 Bxf3 19.Qxf3 Rac8 20.Qe2 Bf6 21.Rad1 Rfe8 22.Rf3 a6 23.a3 Qa4 24.c5 bxc5
25.dxc5 Rxc5 26.Bxf6 gxf6 27.Rfd3 Rc2 28.R3d2 Rxd2 29.Rxd2 Qc6 30.Rc2 Qb6+ 31.Qf2
Rb8 32.Rc8+ Kf7 33.Rxb8 Qxb8 34.b4 Qd6 35.Qf4 Qxf4 36.gxf4 e5 37.Kf2 Ke6 38.Ke3 Kd5
39.Kd3 a5 40.bxa5 Kc5 41.a4 Kc6 42.Kc4 Kb7 43.Kb5 Ka7 44.h3 Kb7 45.h4 h5 46.a6+ Ka7
47.a5 e4 48.Kc4 Kxa6 49.Kb4 e3 50.Kc3 Kxa5 51.Kd3 Kb4 52.Ke2 Kc4 53.Kxe3 Kc3 54.Ke2
Kd4 55.Kf3 Kd3 56.Kf2 Ke4 57.Kg3 Ke3 58.Kg2 Kxf4 0-1

[Event "1. Bundesliga 2019/2020"]
[Site "Blumenhalle, St. Veit/Glan"]
[Date "2020.01.10"]
[Round "6"]
[Board "5"]
[White "Dobosz, Henryk"]
[Black "Plachetka, Jan"]
[Result "0-1"]
[WhiteElo "2379"]
[BlackElo "2313"]
[PlyCount "52"]
[EventDate "2019.10.10"]
[EventType "team"]
[EventRounds "11"]
[EventCountry "AUT"]
[WhiteTeam "SK Bregenz 1920"]
[BlackTeam "SK Sparkasse Bad Voeslau"]

1.e4 c5 2.Nf3 e6 3.d4 cxd4 4.Nxd4 Nc6 5.Nc3 Nf6 6.a3 d6 7.Be3 Be7 8.f4 O-O 9.Qf3 e5
10.Nxc6 bxc6 11.f5 Rb8 12.O-O-O Qa5 13.Bd2 Qb6 14.Na4 Qd4 15.Nc3 Qb6 16.Na4 Qb7 17.Bg5
d5 18.Bd3 dxe4 19.Bxe4 Nxe4 20.Bxe7 Qxe7 21.Qxe4 Qg5+ 22.Rd2 Qxf5 23.Qxc6 Qf4 24.Nc5
Rxb2 25.Re1 Bf5 26.Ne4 Rfb8 0-1

[Event "1. Bundesliga 2019/2020"]
[Site "Blumenhalle, St. Veit/Glan"]
[Date "2020.01.10"]
[Round "6"]
[Board "6"]
[White "Juhasz, Agoston"]
[Black "Hess, Max"]
[Result "1/2-1/2"]
[WhiteElo "2191"]
[BlackElo "2378"]
[PlyCount "119"]
[EventDate "2019.10.10"]
[EventType "team"]
[EventRounds "11"]
[EventCountry "AUT"]
[WhiteTeam "SK Sparkasse Bad Voeslau"]
[BlackTeam "SK Bregenz 1920"]

1.e4 c5 2.Nf3 e6 3.d4 cxd4 4.Nxd4 Nc6 5.Nc3 Qc7 6.Be3 a6 7.Qf3 d6 8.Nxc6 bxc6 9.Qg3
Nf6 10.Be2 Rb8 11.O-O-O h5 12.f4 Qb7 13.b3 h4 14.Qf2 Qb4 15.Bd4 c5 16.Bxf6 gxf6 17.Qf3
f5 18.exf5 Bb7 19.Qe3 Bg7 20.Nb1 Bxg2 21.fxe6 Bxh1 22.exf7+ Kf8 23.Rxh1 Qd4 24.Qxd4
Bxd4 25.Bc4 Rh5 26.Be6 Be3+ 27.Kd1 Bxf4 28.Nc3 Rb4 29.Ne2 Re5 30.Bc4 Be3 31.Nc3 Bd4
32.Nd5 Rb7 33.Nf4 Rf5 34.Ng6+ Kg7 35.f8=Q+ Rxf8 36.Nxf8 Kxf8 37.Rf1+ Kg7 38.Rf4 Bf6
39.Bxa6 Ra7 40.Ra4 Kf8 41.h3 d5 42.Bb5 Rxa4 43.Bxa4 Ke7 44.Kd2 Kd6 45.c3 d4 46.c4
Kc7 47.Kd3 Kb6 48.Be8 Ka5 49.a3 Bg5 50.Bh5 Bc1 51.b4+ Ka6 52.bxc5 Bxa3 53.Kxd4 Kb7
54.Kd5 Kc7 55.Bf3 Bb4 56.c6 Be1 57.Ke6 Bf2 58.Kd5 Be1 59.Ke6 Bf2 60.Kd5 1/2-1/2

[Event "1. Bundesliga 2019/2020"]
[Site "Blumenhalle, St. Veit/Glan"]
[Date "2020.01.10"]
[Round "6"]
[Board "1"]
[White "Dragnev, Valentin"]
[Black "Bosiocic, Marin"]
[Result "1-0"]
[WhiteElo "2551"]
[BlackElo "2625"]
[PlyCount "147"]
[EventDate "2019.10.10"]
[EventType "team"]
[EventRounds "11"]
[EventCountry "AUT"]
[WhiteTeam "mpimmo Wien - SK Ottakring"]
[BlackTeam "SV Pillenkoenig St. Veit"]

1.d4 Nf6 2.c4 e6 3.Nf3 d5 4.g3 Bb4+ 5.Bd2 Be7 6.Bg2 c6 7.O-O Nbd7 8.Qc2 b6 9.a4 Ba6
10.b3 Ne4 11.Bf4 O-O 12.Nbd2 Nxd2 13.Bxd2 c5 14.a5 Nf6 15.Rfd1 Qc8 16.Be1 Rd8 17.cxd5
exd5 18.axb6 axb6 19.e3 Bb7 20.Rxa8 Qxa8 21.Qb2 Ne4 22.Nd2 Ng5 23.Nf3 Ne6 24.Bc3 Bf6
25.h4 Bc6 26.Ra1 Qb7 27.Bh3 b5 28.b4 c4 29.Ra5 Ra8 30.Qa3 Nc7 31.Ne5 Be7 32.Nxc6 Qxc6
33.Rxa8+ Qxa8 34.Qxa8+ Nxa8 35.Bd7 Nc7 36.f3 Bd6 37.Kf2 Kf8 38.e4 Ke7 39.Bc6 Ke6 40.Be1
h5 41.Ke2 f6 42.exd5+ Ke7 43.g4 g6 44.Ke3 Bh2 45.gxh5 gxh5 46.Ke4 Kd6 47.Kf5 Nxd5
48.Bxb5 c3 49.Ba4 Bg1 50.Ke4 f5+ 51.Kd3 Nf4+ 52.Kxc3 Ng2 53.Bd2 Nxh4 54.Bf4+ Ke6 55.Bc6
Ng6 56.d5+ Kf6 57.Bc7 h4 58.d6 Ne5 59.d7 Nxc6 60.b5 Nd8 61.Bxd8+ Ke6 62.Bxh4 Kxd7
63.Kc4 Kc7 64.Be7 Kb6 65.Bd8+ Kb7 66.Bf6 Be3 67.Bd4 Bc1 68.Kd5 f4 69.Bf6 Bd2 70.Bg5
Bc1 71.Bd8 Bd2 72.Ke4 Bc1 73.Ba5 Ka7 74.Bc7 1-0

[Event "1. Bundesliga 2019/2020"]
[Site "Blumenhalle, St. Veit/Glan"]
[Date "2020.01.10"]
[Round "6"]
[Board "2"]
[White "Brkic, Ante"]
[Black "Banusz, Tamas"]
[Result "1/2-1/2"]
[WhiteElo "2595"]
[BlackElo "2623"]
[PlyCount "92"]
[EventDate "2019.10.10"]
[EventType "team"]
[EventRounds "11"]
[EventCountry "AUT"]
[WhiteTeam "SV Pillenkoenig St. Veit"]
[BlackTeam "mpimmo Wien - SK Ottakring"]

1.e4 e5 2.Nf3 Nf6 3.d4 Nxe4 4.Bd3 d5 5.Nxe5 Nd7 6.Nxd7 Bxd7 7.O-O Bd6 8.Nc3 Nxc3 9.bxc3
O-O 10.Qh5 f5 11.Re1 c6 12.Bg5 Qc7 13.Re3 g6 14.Qh4 Rae8 15.Rae1 Rxe3 16.Rxe3 Rf7
17.Bd8 Qb8 18.h3 b5 19.Bf6 Qf8 20.Be5 f4 21.Bxd6 Qxd6 22.Re5 Kg7 23.f3 Qa3 24.Qe1
Qd6 25.Qh4 Rf6 26.Qe1 Re6 27.Rxe6 Qxe6 28.Qh4 Qf6 29.Qe1 g5 30.Kf1 h6 31.Qb1 a5 32.Qe1
Qd6 33.Qe2 Kf6 34.Qe1 c5 35.dxc5 Qxc5 36.h4 b4 37.cxb4 axb4 38.Qa1+ d4 39.Qe1 Qe7
40.hxg5+ hxg5 41.Qa1 Qc5 42.Kf2 Bf5 43.Qd1 Qe5 44.Bxf5 Qe3+ 45.Kf1 Kxf5 46.Qd3+ Kf6 1/2-1/2

[Event "1. Bundesliga 2019/2020"]
[Site "Blumenhalle, St. Veit/Glan"]
[Date "2020.01.10"]
[Round "6"]
[Board "3"]
[White "Blohberger, Felix"]
[Black "Saric, Ante"]
[Result "1-0"]
[WhiteElo "2465"]
[BlackElo "2541"]
[PlyCount "127"]
[EventDate "2019.10.10"]
[EventType "team"]
[EventRounds "11"]
[EventCountry "AUT"]
[WhiteTeam "mpimmo Wien - SK Ottakring"]
[BlackTeam "SV Pillenkoenig St. Veit"]

1.d4 Nf6 2.c4 e6 3.Nc3 Bb4 4.e3 O-O 5.Bd3 c5 6.Nf3 d5 7.cxd5 exd5 8.dxc5 Nbd7 9.O-O
Nxc5 10.Ne2 Bg4 11.Ned4 Nce4 12.a3 Bc5 13.Be2 Rc8 14.Qd3 Bb6 15.b3 Bh5 16.Bb2 Bg6
17.Qd1 Nc3 18.Qe1 Nxe2+ 19.Qxe2 Qe7 20.Rac1 Ne4 21.Qb5 Rcd8 22.b4 Rd6 23.Qe2 a6 24.Ne1
Rdd8 25.Nd3 Bc7 26.Nf4 Bxf4 27.exf4 Qd7 28.Rfd1 Rfe8 29.Qf3 f6 30.f5 Bf7 31.Rd3 Nd6
32.Ba1 Re4 33.Rcd1 Rde8 34.h3 Re1+ 35.Kh2 Nc4 36.Qg3 Qd6 37.Qxd6 Nxd6 38.g4 h5 39.Bc3
Rxd1 40.Rxd1 hxg4 41.hxg4 Rc8 42.Bb2 Nc4 43.Bc1 Ne5 44.f3 Be8 45.Bf4 Rc3 46.Re1 Rxa3
47.Bxe5 fxe5 48.Rxe5 Bf7 49.g5 Rd3 50.Ne2 g6 51.fxg6 Bxg6 52.Nf4 Rxf3 53.Nxg6 Kf7
54.Kg2 Rb3 55.Nf4 Rxb4 56.Kf3 Rb1 57.Kg4 d4 58.g6+ Kf8 59.Rd5 Rb5 60.Rxb5 axb5 61.Kf5
b4 62.Kf6 b3 63.g7+ Kg8 64.Ng6 1-0

[Event "1. Bundesliga 2019/2020"]
[Site "Blumenhalle, St. Veit/Glan"]
[Date "2020.01.10"]
[Round "6"]
[Board "4"]
[White "Kuljasevic, Davorin"]
[Black "Froewis, Georg"]
[Result "1-0"]
[WhiteElo "2562"]
[BlackElo "2459"]
[PlyCount "81"]
[EventDate "2019.10.10"]
[EventType "team"]
[EventRounds "11"]
[EventCountry "AUT"]
[WhiteTeam "SV Pillenkoenig St. Veit"]
[BlackTeam "mpimmo Wien - SK Ottakring"]

1.Nf3 d5 2.g3 Bg4 3.Bg2 Nd7 4.c4 e6 5.cxd5 exd5 6.O-O Ngf6 7.h3 Bxf3 8.exf3 Be7 9.f4
O-O 10.d3 c6 11.Nd2 Bc5 12.Nf3 Bb6 13.Qc2 Re8 14.b4 a5 15.Rb1 axb4 16.Rxb4 Ra6 17.d4
Qa8 18.Ne5 Rxa2 19.Qb3 Ra6 20.h4 Qa7 21.Be3 Ra3 22.Qb2 Ra2 23.Qb1 Ra6 24.Qb3 Ra3 25.Qb2
Ra2 26.Qb1 Ra6 27.Bh3 Re7 28.Rc1 Nf8 29.Bf1 N6d7 30.Bxa6 Qxa6 31.Rc2 Nxe5 32.fxe5
Ba5 33.Ra4 Ne6 34.Qa2 b6 35.Rxc6 Qb5 36.Rc8+ Re8 37.Rxe8+ Qxe8 38.Qc2 h6 39.Ra1 Qb5
40.Rb1 Qa6 41.Rc1 1-0

[Event "1. Bundesliga 2019/2020"]
[Site "Blumenhalle, St. Veit/Glan"]
[Date "2020.01.10"]
[Round "6"]
[Board "5"]
[White "Schneider-Zinner, Harald"]
[Black "Drnovsek, Gal"]
[Result "0-1"]
[WhiteElo "2381"]
[BlackElo "2387"]
[PlyCount "108"]
[EventDate "2019.10.10"]
[EventType "team"]
[EventRounds "11"]
[EventCountry "AUT"]
[WhiteTeam "mpimmo Wien - SK Ottakring"]
[BlackTeam "SV Pillenkoenig St. Veit"]

1.d4 Nf6 2.Nf3 d5 3.c4 e6 4.Nc3 Bb4 5.Bg5 h6 6.Bxf6 Qxf6 7.e3 O-O 8.Bd3 dxc4 9.Bxc4
c5 10.O-O cxd4 11.exd4 Nc6 12.a3 Ba5 13.Qd3 Rd8 14.Ne4 Qg6 15.Rad1 Bb6 16.Ba2 Nxd4
17.Bb1 Qh5 18.Kh1 Kf8 19.Ng3 Qb5 20.Qh7 Nxf3 21.Rxd8+ Bxd8 22.Qh8+ Ke7 23.gxf3 Qe5
24.f4 Qxf4 25.Qxg7 Qf6 26.Qh7 Bd7 27.Re1 Bc6+ 28.Be4 Bb6 29.Bxc6 bxc6 30.Qe4 Rd8 31.Qxc6
Qxf2 32.Rf1 Qd4 33.Qg2 Rd5 34.Ne4 f5 35.Nc3 Rd8 36.Re1 Kf7 37.Qe2 Qf6 38.Rd1 Rxd1+
39.Qxd1 Ke7 40.Qf3 Qg5 41.Ne2 Qd2 42.b4 Kf6 43.h4 Qe1+ 44.Kg2 Qxh4 45.Nf4 Bd4 46.Nxe6
Kxe6 47.Qc6+ Ke5 48.Qc7+ Kd5 49.Qf7+ Kd6 50.Qf8+ Qe7 51.Qxh6+ Kd5 52.Qa6 Qe4+ 53.Kf1
Qf3+ 54.Ke1 Bc3# 0-1

[Event "1. Bundesliga 2019/2020"]
[Site "Blumenhalle, St. Veit/Glan"]
[Date "2020.01.10"]
[Round "6"]
[Board "6"]
[White "Polterauer, Chiara"]
[Black "Steiner, Adam"]
[Result "1/2-1/2"]
[WhiteElo "2178"]
[BlackElo "2258"]
[PlyCount "80"]
[EventDate "2019.10.10"]
[EventType "team"]
[EventRounds "11"]
[EventCountry "AUT"]
[WhiteTeam "SV Pillenkoenig St. Veit"]
[BlackTeam "mpimmo Wien - SK Ottakring"]

1.e4 d5 2.exd5 Qxd5 3.Nc3 Qd6 4.d4 Nf6 5.Nf3 c6 6.Be2 Bf5 7.Be3 e6 8.Qd2 Qc7 9.Bf4
Bd6 10.Bxd6 Qxd6 11.Nh4 Bg6 12.Nxg6 hxg6 13.g3 Nbd7 14.O-O-O Nb6 15.h4 O-O-O 16.Qg5
Nbd5 17.Nxd5 Qxd5 18.Qxd5 cxd5 19.Bf3 Kd7 20.Kd2 b5 21.c3 Rb8 22.b3 Rhc8 23.Rc1 Ne8
24.Be2 Nd6 25.Bd3 Rc7 26.Rc2 Rbc8 27.Ra1 b4 28.Rac1 a5 29.c4 Nf5 30.Bxf5 gxf5 31.cxd5
Rxc2+ 32.Rxc2 Rxc2+ 33.Kxc2 exd5 34.Kd3 f4 35.g4 Ke6 36.Ke2 Kf6 37.Kf3 g5 38.h5 Kg7
39.Kg2 Kh6 40.Kh3 Kg7 1/2-1/2